| 000 | 01353pam a2200325 a 4500 | ||
|---|---|---|---|
| 001 | 3384576 | ||
| 005 | 20240818092920.0 | ||
| 008 | 881216s1989 enka bf 001 0 eng | ||
| 010 | _a 88036786 | ||
| 020 | _a0470214147 (U.S.) | ||
| 040 |
_aDLC _cDLC _dDLC |
||
| 050 | 0 | 0 |
_aQD261 _b.V63 1989 |
| 082 | 0 | 0 |
_a547 _222 _bVOG |
| 100 | 1 |
_aVogel, Arthur Israel. _96611 |
|
| 245 | 1 | 0 |
_aVogel's Textbook of practical organic chemistry. _crev. by Brian S. Furniss ... [et al.]. |
| 250 | _a5th ed. | ||
| 260 |
_aLondon : _bLongman Scientific & Technical ; _aNew York : _bWiley, _c1989. |
||
| 300 |
_axxviii, 1514 p. : _bill. ; _c24 cm. |
||
| 500 | _aFourth ed. published in 1978 under title: Vogel's Textbook of practical organic chemistry, including qualitative organic analysis. | ||
| 504 | _aIncludes bibliographies and index. | ||
| 650 | 0 |
_aChemistry, Organic _xLaboratory manuals. _96612 |
|
| 650 | 0 |
_aChemistry, Analytic _xQualitative. _96613 |
|
| 700 | 1 |
_aFurniss, Brian S. _q(Brian Stanley), _d1941- _96614 |
|
| 700 | 1 |
_aVogel, Arthur Israel. _tVogel's Textbook of practical organic chemistry, including qualitative organic analysis. _96615 |
|
| 740 | 0 | _aTextbook of practical organic chemistry. | |
| 942 |
_2ddc _cBB _hRDA-MOD |
||
| 999 |
_c11940 _d11940 |
||
| 336 |
_2rdacontent _atext _btxt |
||
| 337 |
_aunmediated _2rdamedia _bn |
||
| 338 |
_avolume _bnc _2rdacarrier |
||